Impressions d'Égypte /
المؤلف الرئيسي:
مؤلفون آخرون:
التنسيق: كتاب
اللغة: French
منشور في:
Paris :
La Martinière,
impr. 2011.
سلاسل:
Impressions de voyage ;
1.
الموضوعات:
الوسوم: إضافة وسم
رقم الطلب: DT49 .S37 2011
| LEADER | 01100namaa2200289 4500 | ||
|---|---|---|---|
| 001 | 23843 | ||
| 003 | OSt | ||
| 005 | 20250515091546.0 | ||
| 008 | 130303s2011 fr a g 000 0 fre d | ||
| 020 | |a 9782732443997 | ||
| 040 | |c ARCE Library | ||
| 043 | |a f-ua--- | ||
| 050 | 4 | |a DT49 .S37 2011 | |
| 100 | 1 | |a Sinoué, Gilbert, |d 1947- |e author |9 40146 | |
| 245 | 1 | 0 | |a Impressions d'Égypte / |c texte, Gilbert Sinoué ; photographies, Denis Dailleux. |
| 264 | 1 | |a Paris : |b La Martinière, |c impr. 2011. | |
| 300 | |a 1 volume (255 pages) : |b illustrations ; |c 24 cm. | ||
| 490 | 1 | |a Impressions de voyage ; |v 1. | |
| 500 | |a Un photographe français vivant en Egypte et un écrivain né en Egypte et vivant en France, ont mêlé leurs regards sur ce pays, évoquant l'Antiquité, l'histoire moderne et contemporaine, les religions et les coutumes. | ||
| 555 | |a Omnia | ||
| 651 | 0 | |a Egypt |x Description and travel. | |
| 651 | 0 | |a Egypt |x Civilisation. | |
| 700 | 1 | |a Dailleux, Denis. |d 1959- |9 28549 | |
| 830 | 0 | |a Impressions de voyage ; |v 1. | |
| 901 | |a reviewed | ||
| 942 | |c BK |2 lcc | ||
| 999 | |c 22640 |d 22640 | ||
